Régimen jurídico-administrativo de la televisión (Registro nro. 7171)

Detalles MARC
000 -LEADER
fixed length control field 00932 a2200217 4500
001 - CONTROL NUMBER
control field 60981
005 - DATE AND TIME OF LATEST TRANSACTION
control field 20260407155900.0
008 - FIXED-LENGTH DATA ELEMENTS--GENERAL INFORMATION
fixed length control field 260407a1984 arg spa d
003 - CONTROL NUMBER IDENTIFIER
control field AR-UNSa-BCEJYS
040 ## - CATALOGING SOURCE
Original cataloging agency AR-UNSa-BCEJYS
Language of cataloging spa
Transcribing agency AR-UNSa-BCEJYS
080 ## - UNIVERSAL DECIMAL CLASSIFICATION NUMBER
Universal Decimal Classification number 621.397.13
Common auxiliary subdivision Televisión
020 ## - INTERNATIONAL STANDARD BOOK NUMBER
International Standard Book Number 978-84-7351-180-3
041 ## - LANGUAGE CODE
Language code of text/sound track or separate title spa
100 1# - MAIN ENTRY--PERSONAL NAME
Personal name Esteve Pardo, José
245 10 - TITLE STATEMENT
Title Régimen jurídico-administrativo de la televisión
264 #1 - PRODUCTION, PUBLICATION, DISTRIBUTION, MANUFACTURE, AND COPYRIGHT NOTICE
Place of production, publication, distribution, manufacture Madrid :
Name of producer, publisher, distributor, manufacturer Instituto Nacional de Administración Pública (INAP)
Date of production, publication, distribution, manufacture, or copyright notice 1984
300 ## - PHYSICAL DESCRIPTION
Extent 371 p.
Dimensions 21 cm.
505 ## - FORMATTED CONTENTS NOTE
Formatted contents note 1. Derecho comparado – 2. Servicio público de televisión y derecho de expresión. Las bases constitucionales y el estatuto de la radio y televisión – 3. Televisión y comunidades autónomas – 4. Organización y régimen jurídico de la televisión estatal – 5. El derecho de rectificación
590 ## - LOCAL NOTE (RLIN)
Local note niveau_biblio:m niveau_hierar:0
942 ## - ADDED ENTRY ELEMENTS (KOHA)
Koha item type
Existencias
Withdrawn status Lost status Damaged status Not for loan Home library Current library Shelving location Date acquired Total checkouts Full call number Barcode Date last seen Price effective from Koha item type
        Biblioteca Prof. Eusebio Cleto del Rey Biblioteca Prof. Eusebio Cleto del Rey   07/04/2026   621.397.13 E79 L58171 07/04/2026 07/04/2026 Libro